Rubberinu idavila pineapple (Record no. 48621)

MARC details
000 -LEADER
fixed length control field 00309nam a2200133Ia 4500
100 ## - MAIN ENTRY--AUTHOR NAME
Personal name Jessy M D
245 #0 - TITLE STATEMENT
Title Rubberinu idavila pineapple
260 ## - PUBLICATION, DISTRIBUTION, ETC. (IMPRINT)
Name of publisher Keralakarshakan
Year of publication 2014
300 ## - PHYSICAL DESCRIPTION
Number of Pages 13-14
650 ## - SUBJECT ADDED ENTRY--TOPICAL TERM
Topical Term Intercrop
650 ## - SUBJECT ADDED ENTRY--TOPICAL TERM
Topical Term Pineapple
942 ## - ADDED ENTRY ELEMENTS (KOHA)
Koha item type Bibliography STAF
Holdings
Withdrawn status Lost status Damaged status Not for loan Home library Current library Shelving location Date acquired Serial Enumeration / chronology Koha item type
      Bibliography RRII Library RRII Library Agronomy 28/11/2014 Volume 60, Issue 3 Bibliography STAF